Jura - mort subite - Statistiques

Statistiques générales
  • Ce quiz a été pris 39 fois
  • Le résultat moyen est 7 sur 18
Answers on the Grid
Answers color-coded by a green-red scale on the quiz's grid according to % correct below.
Col de la Forclaz
Le lieu de naissance de Pasteur
Montbéliard
Les producteurs du vin jaune
Lons-le-Saunier
Une zone occupée par l'Allemagne en 1940
Dent du Midi
Des lynx
Courmayeur
Dole
Une zone du régime de Vichy
Baume-les-Messieurs
Porrentruy
Du territoire du Saint-Empire
Des ours sauvages
Le plus ancien monument au monde
Les Lédoniens
Barrage de Vouglans
Delle
Colfontaine
Delémont
Aÿ
Des aigles de Bonelli
L'usine Bel
Une mine de titane
Onoz
Le mont Maxwell
Oubri
Lamoura
Lesneven
Le lieu de naissance de Rouget de Lisle
La plus petite préfecture de France
Gardanne
Un aéroport international
Du territoire Habsbourg du 16e siècle
Une gare TGV
 
Statistiques - réponses
Réponse % Correct
Dole
79%
Lons-le-Saunier
79%
Lynx boréal (réintroduit en Suisse) Des lynx
58%
Dole Le lieu de naissance de Pasteur
58%
Les producteurs du vin jaune
58%
Sur l'Ain Barrage de Vouglans
54%
Lamoura
50%
Auteur de La Marseillaise (Lons-le-Saunier) Le lieu de naissance de Rouget de Lisle
46%
Riverains de Lons-le-Saunier Les Lédoniens
42%
Baume-les-Messieurs
33%
Aéroport de Dole-Jura Un aéroport international
33%
Une zone occupée par l'Allemagne en 1940
29%
Producteur de La Vache qui rit et Babybel L'usine Bel
25%
Du territoire du Saint-Empire
21%
Du territoire Habsbourg du 16e siècle
21%
Dole (Paris – Lausanne) et Mouchard (Paris – Berne) Une gare TGV
21%
Une zone du régime de Vichy
21%
Onoz
13%
Aucun quiz correspondant
Distribution des résultats
% des personnes avec chaque résultat
Percentile par nombre de réponses
Votre historique - résultats
Vous n’avez pas pris ce quiz